Una flor de los campos mejicanos Sor Amada de Sto. Domingo. Religiosa dominica de la Comunidad de Santa Catalina de Sena de México.

Detalles Bibliográficos
Autor principal: ALVAREZ, Paulino (Fray)
Formato: Libro
Publicado: Vergara 1931
Materias:
Colección:Banco de datos
Acervo:Biblioteca del Convento de Santa Mónica de la Ciudad de Puebla. Puebla
Tema general:Biografías
Notas:Buena. D7, 20.
LEADER 00714nam a22001930004500
035 |a 50476 
036 |a 244 
100 1 |a ALVAREZ, Paulino (Fray) 
245 1 0 |a Una flor de los campos mejicanos Sor Amada de Sto. Domingo. Religiosa dominica de la Comunidad de Santa Catalina de Sena de México. 
260 |a Vergara  |b Ed.. de El Santísimo Rosario imp.  |c 1931 
500 |a Buena. D7, 20. 
650 1 0 |a Biografías 
949 |a CRP 
959 |a Ex convento de Santa Mónica. Puebla, Puebla  |b CCC5 
960 |a Convento de Santa Mónica de la ciudad de Puebla  |b DD88 
961 |a Franciscana  |b OF 
942 |c CRP-SM 
943 |g Biblioteca del Convento de Santa Mónica de la Ciudad de Puebla. Puebla 
999 |c 960814  |d 960814